[Event "4NCL Division 2b"]
[Site "Hinckley Island ENG"]
[Date "2015.01.10"]
[Round "3.27"]
[White "Carleton, John J"]
[Black "Birtwistle, Nigel"]
[Result "1/2-1/2"]
[WhiteElo "2254"]
[BlackElo "2125"]
[PlyCount "50"]
[EventDate "2015.01.10"]
[WhiteTeam "Spirit of Atticus A"]
[BlackTeam "Grantham Sharks 2"]

1. d4 Nf6 2. c4 g6 3. Nc3 Bg7 4. e4 d6 5. f4 O-O 6. Nf3 e5 7. dxe5 dxe5 8. Qxd8
Rxd8 9. fxe5 Ng4 10. Bg5 Re8 11. Nd5 Na6 12. Be2 c6 13. Ne7+ Kf8 14. Nxc8 Raxc8
15. O-O Nxe5 16. Rad1 Nc5 17. Nxe5 Bxe5 18. Bg4 Rb8 19. Bd7 Re7 20. Bxe7+ Kxe7
21. Bg4 Bxb2 22. g3 f6 23. Kg2 Be5 24. Kf3 a5 25. h4 a4 1/2-1/2

[Event "4NCL Division 2b"]
[Site "Hinckley Island ENG"]
[Date "2015.01.10"]
[Round "3.28"]
[White "McGowan, Daniel"]
[Black "Mitchell, Martin"]
[Result "1/2-1/2"]
[WhiteElo "2112"]
[BlackElo "2188"]
[PlyCount "42"]
[EventDate "2015.01.10"]
[WhiteTeam "Grantham Sharks 2"]
[BlackTeam "Spirit of Atticus A"]

1. e4 d6 2. d4 Nf6 3. Nc3 g6 4. Nf3 Bg7 5. Bd3 Bg4 6. h3 Bxf3 7. Qxf3 Nc6 8.
Be3 e5 9. dxe5 Nxe5 10. Qe2 O-O 11. O-O d5 12. Bg5 Nxd3 13. cxd3 dxe4 14. dxe4
Qd4 15. Rfd1 Qe5 16. Bxf6 Bxf6 17. Rd5 Qe6 18. Rad1 Rad8 19. Rxd8 Rxd8 20.
Rxd8+ Bxd8 21. Qb5 Bf6 1/2-1/2

[Event "4NCL Division 2b"]
[Site "Hinckley Island ENG"]
[Date "2015.01.10"]
[Round "3.29"]
[White "Jackson, Sheila"]
[Black "Cumbers, Paul"]
[Result "0-1"]
[WhiteElo "2140"]
[BlackElo "2154"]
[PlyCount "82"]
[EventDate "2015.01.10"]

1. e4 e6 2. d4 d5 3. Nd2 Nf6 4. e5 Nfd7 5. Bd3 c5 6. c3 Nc6 7. Ne2 cxd4 8. cxd4
f6 9. exf6 Nxf6 10. Nf3 Bd6 11. O-O Qc7 12. Nc3 a6 13. Bg5 O-O 14. Bh4 Nh5 15.
Re1 g6 16. a3 Rxf3 17. Qxf3 Nxd4 18. Qd1 Bxh2+ 19. Kh1 Be5 20. Rc1 Qg7 21. Bg5
Bd7 22. Kg1 Rf8 23. Be3 Qf6 24. Qg4 Nf4 25. Bxf4 Qxf4 26. Qxf4 Bxf4 27. Rcd1
Nf5 28. g3 Bb8 29. Kg2 Ba7 30. Bxf5 Rxf5 31. f3 g5 32. g4 Rf7 33. Ne2 Kg7 34.
Nd4 Kf6 35. Ne2 Ba4 36. Rc1 Bc6 37. Ng3 e5 38. Nf5 h5 39. Ne3 Bxe3 40. Rxe3
hxg4 41. fxg4 d4+ 0-1

[Event "4NCL Division 2b"]
[Site "Hinckley Island ENG"]
[Date "2015.01.10"]
[Round "3.31"]
[White "Ackley, Peter J"]
[Black "Kafka, Graeme"]
[Result "1/2-1/2"]
[WhiteElo "2038"]
[BlackElo "2050"]
[PlyCount "27"]
[EventDate "2015.01.10"]
[WhiteTeam "Spirit of Atticus A"]
[BlackTeam "Grantham Sharks 2"]

1. g3 d5 2. Bg2 Nf6 3. Nf3 Bf5 4. d3 e6 5. O-O Be7 6. Nbd2 O-O 7. b3 h6 8. Bb2
Nbd7 9. e3 c6 10. Qe2 Re8 11. e4 Bg4 12. h3 Bh5 13. e5 Nh7 14. g4 1/2-1/2

[Event "4NCL Division 2b"]
[Site "Hinckley Island ENG"]
[Date "2015.01.10"]
[Round "3.32"]
[White "Parmar, Amisha"]
[Black "Robertson, David J"]
[Result "1/2-1/2"]
[WhiteElo "1949"]
[BlackElo "1945"]
[PlyCount "125"]
[EventDate "2015.01.10"]

1. d4 d5 2. Nc3 e6 3. e4 Bb4 4. e5 c5 5. a3 Bxc3+ 6. bxc3 Ne7 7. Qg4 Qc7 8. Bd2
Nbc6 9. Nf3 Bd7 10. Bd3 O-O-O 11. O-O h5 12. Qf4 c4 13. Be2 Nf5 14. Rfb1 Nce7
15. Nh4 Rdg8 16. Nxf5 Nxf5 17. g3 g5 18. Qf3 Bc6 19. Bf1 Qe7 20. Bg2 f6 21. Re1
Kb8 22. exf6 Qxf6 23. Re5 Bd7 24. Rae1 Qf8 25. Ra1 Qd8 26. Rb1 Bc8 27. Rb4 Nd6
28. Qe2 Rg6 29. Bh3 Nf7 30. Bxe6 Nxe5 31. Qxe5+ Ka8 32. Bxc8 Qxc8 33. Qxd5 h4
34. Rxc4 Qg4 35. f3 Qh3 36. Rb4 Rg7 37. Be1 Re8 38. Bf2 Rge7 39. Rb1 Qc8 40.
Qa5 hxg3 41. Bxg3 g4 42. fxg4 Qxg4 43. Qb5 Qf3 44. Qd3 Re3 45. Qf1 Qc6 46. Qg2
Rxc3 47. Qxc6 Rxc6 48. Rc1 Rc3 49. d5 b5 50. d6 Kb7 51. d7 Rd8 52. Rd1 Rxc2 53.
Bh4 Kc7 54. Bxd8+ Kxd8 55. Rd3 a5 56. h4 b4 57. axb4 axb4 58. Rb3 Rc4 59. h5
Kxd7 60. h6 Rh4 61. h7 Kc6 62. h8=Q Rxh8 63. Rxb4 1/2-1/2